00358nam a2200133 4500082001200000100001900012245002500031260001600056300000800072700001400080942000700094999001100101952011200112 a510 BRI aBriggs William aThe Tutorial Algebra aLondonbUTP a491 aBryan G.H cBK c35d35 0010708NFICaMLCampusbMLCampuscGENd2015-02-09l0o510 BRIp004741r2022-11-17 00:00:00w2015-02-09yBK